NORTH EAST SOUTH WEST........ - Statistics

General Stats
  • This quiz has been taken 18 times
  • The average score is 7 of 20
Answer Stats
Hint Answer % Correct
TV Batman Adam West
59%
Dresden was here East Germany
59%
Aurora Sorealis Northern Lights
59%
Outdoor clothes brand North Face
53%
The football club that won the World Cup for England West Ham
53%
Village People sang... Go West
47%
Hitchcock, 1959 North by Northwest
47%
Sunset Strip is here West Hollywood
47%
Cockney's birthplace East End
41%
English Premier League team Southampton
41%
London company founded 1600-1874 East India Company
29%
Deep South's upper class female? Southern Belle
29%
Iran-contra affair lead player Oliver North
24%
Band, Paul Heaton was singer Beautiful South
18%
James Dean, 1955 East of Eden
18%
'Happy Talk' in 1958 film South Pacific
18%
Natalie Wood, 1961 West Side Story
18%
Ex Carmel mayor Clint Eastwood
12%
Song by The Fall Hit the North
12%
Martin Wilkes Heron invented this drink Southern Comfort
0%
No matching quizzes found
Score Distribution
Percent of People with Each Score
Percentile by Number Answered
Your Score History
You have not taken this quiz